| 000 | 00884nam a22002535a 4500 | ||
|---|---|---|---|
| 003 | OSt | ||
| 005 | 20201124141935.0 | ||
| 008 | 080904s1971 ua a grb 00010 aara d | ||
| 040 |
_aEG-ScBUE _bara _cEG-ScBUE |
||
| 082 | 0 | 4 |
_a188 _bأ م ي _222 |
| 100 | 1 |
_aامين، عثمان. _9287 |
|
| 245 | 1 | 2 |
_aالفلسفة الرواقية / _cتأليف عثمان أمين. |
| 246 | 3 | 5 | _aLe stoïcisme |
| 250 | _aط. 3. | ||
| 260 |
_aالقاهرة : _bمكتبة الأنجلو المصرية، _c1971. |
||
| 300 |
_a396 ص. ؛ _c24 سم. |
||
| 500 | _aصفحة عنوان باللغة الفرنسية | ||
| 504 | _aيشتمل على ببليوجرافية ص 358-377 ويشتمل على كشافات | ||
| 541 |
_aالف باء ؛ _c ؛ شراء |
||
| 650 | 7 |
_aالفلسفة الرواقية. _2BUEsh _9313 |
|
| 651 | _2BUEsh | ||
| 653 |
_bGGEN _cDecember2017 |
||
| 942 | _2ddc | ||
| 999 |
_c6712 _d6712 |
||